|
|
|
|
| LEADER |
00000cam a2200000 a 4500 |
| 001 |
vtls009298250 |
| 003 |
SK-MaSNL |
| 005 |
20260301170824.0 |
| 008 |
191130s2008 xo c 000 fdslo |
| 015 |
|
|
|a SNBA2009/03-01131
|
| 020 |
|
|
|a 9788055116792
|q (viaz.)
|
| 035 |
|
|
|a urn:nbn:sk:snk-am0094dn
|
| 035 |
|
|
|a urn:nbn:sk:snk-am3hbf3
|
| 035 |
|
|
|a FFC5D213-9015-4B67-B806-DA3CAA0C531F
|
| 040 |
|
|
|a SNK
|b slo
|c SNK
|e AACR2
|
| 041 |
1 |
|
|a slo
|h ger
|
| 044 |
|
|
|a xo
|c SK
|
| 072 |
|
7 |
|a 821.112.2-3
|x Nemecká próza, nemecky písaná
|2 konspekt
|
| 080 |
|
|
|a 821.112.2-31
|2 2001
|
| 080 |
|
|
|a (0:82-312.4)
|2 2001
|
| 080 |
|
|
|a (0:82-311.6)
|2 2001
|
| 100 |
1 |
|
|a Rademacher, Cay,
|d 1965-
|4 aut
|9 208785
|
| 240 |
1 |
0 |
|a In Nomine Mortis
|l Slovensky
|
| 245 |
1 |
0 |
|a In Nomine Mortis
|c Cay Rademacher ; [z nemeckého originálu preložila Dana Kurčáková]
|
| 250 |
|
|
|a [1. vyd.]
|
| 260 |
|
|
|a Bratislava
|b Ikar
|c 2008
|
| 300 |
|
|
|a 350 s.
|c 24 cm
|
| 650 |
0 |
7 |
|a nemecké romány
|2 SNKPH
|9 85211
|
| 655 |
|
7 |
|a detektívne romány
|2 SNKPH
|9 70455
|
| 655 |
|
7 |
|a historické romány
|2 SNKPH
|9 70253
|
| 700 |
1 |
|
|a Kurčáková, Dana
|4 trl
|9 316105
|
| 919 |
|
|
|a 978-80-551-1679-2
|
| 958 |
|
|
|a LX
|
| 958 |
|
|
|a UP
|
| 958 |
|
|
|a OND
|
| 968 |
|
|
|b DT
|d 821
|
| 999 |
|
|
|c 828869
|d 830799
|
| 952 |
|
|
|a SNK
|b SNK
|y VYP
|7 0
|p 17A0598592
|o snkSC 132235 D1
|i snk2008/16968
|8 0
|0 0
|1 0
|4 0
|d 2008-09-11
|l 0
|r 2026-02-24 03:29:50
|w 2026-02-24
|
| 952 |
|
|
|a SNK
|b SNK
|y PREZ
|7 0
|p 17A0590671
|o snkSC 132235
|i snk2008/12427
|8 0
|0 0
|1 0
|4 0
|d 2008-06-12
|f 1
|l 0
|r 2025-06-23 00:00:00
|w 2026-02-24
|